रक्ताल्पता की प्रकृतिक चिकित्सा / (Record no. 67625)
[ view plain ]
| 000 -LEADER | |
|---|---|
| fixed length control field | 01662 a2200301 4500 |
| 005 - DATE AND TIME OF LATEST TRANSACTION | |
| control field | 20181124151131.0 |
| 010 ## - LCCN (DPL NO) | |
| LC control number | B-177969 |
| 020 ## - INTERNATIONAL STANDARD BOOK NUMBER | |
| International Standard Book Number | 8186098836 |
| Terms of availability | 70.00 |
| 035 ## - SYSTEM CONTROL NUMBER | |
| System control number | B-177940 |
| 035 ## - SYSTEM CONTROL NUMBER | |
| System control number | B-177962 B-177968,B-177969 |
| 037 ## - SOURCE OF ACQUISITION | |
| Source of stock number/acquisition | DBAD / PUB |
| 082 ## - DEWEY DECIMAL CLASSIFICATION NUMBER | |
| Classification number | 615.535 |
| 100 ## - MAIN ENTRY--PERSONAL NAME | |
| Personal name | नागेन्द्र कुमार 'नीरज' |
| 245 ## - TITLE STATEMENT | |
| Title | रक्ताल्पता की प्रकृतिक चिकित्सा / |
| Statement of responsibility, etc | नागेन्द्र कुमार 'नीरज' |
| 246 ## - VARYING FORM OF TITLE | |
| Title proper/short title | Raktalpataa kii prakritika chikitsaa |
| Remainder of title | by Nagendra Kumar 'Neeraj" |
| 260 ## - PUBLICATION, DISTRIBUTION, ETC. (IMPRINT) | |
| Place of publication, distribution, etc | जयपुर |
| Name of publisher, distributor, etc | नारायण प्रकाशन |
| Date of publication, distribution, etc | 2005 |
| 260 ## - PUBLICATION, DISTRIBUTION, ETC. (IMPRINT) | |
| Place of publication, distribution, etc | जयपुर |
| Name of publisher, distributor, etc | पापुलर बुक डिपो (वितरक) |
| 270 ## - ADDRESS | |
| Address | जी-15,एस.एस.टॉवर,धामाणी गली,चौड़ा रास्ता |
| City | जयपुर |
| Postal code | 302003 |
| 270 ## - ADDRESS | |
| Address | जी-15,एस.एस.टॉवर,धामाणी गली,चौड़ा रास्ता |
| City | जयपुर |
| Postal code | 302003 |
| 300 ## - PHYSICAL DESCRIPTION | |
| Extent | 117पृ |
| Dimensions | 22सेमी (अजिल्द) |
| 650 ## - SUBJECT ADDED ENTRY--TOPICAL TERM | |
| Topical term or geographic name as entry element | रक्ताल्पता |
| Form subdivision | उपचार |
| 650 ## - SUBJECT ADDED ENTRY--TOPICAL TERM | |
| Topical term or geographic name as entry element | Anemia |
| General subdivision | Therapy |
| 650 ## - SUBJECT ADDED ENTRY--TOPICAL TERM | |
| Topical term or geographic name as entry element | प्राकृतिक चिकित्सा |
| 650 ## - SUBJECT ADDED ENTRY--TOPICAL TERM | |
| Topical term or geographic name as entry element | Naturopathy |
| 942 ## - ADDED ENTRY ELEMENTS (KOHA) | |
| Institution code [OBSOLETE] | dpl |
| Item type | Hindi Books |
| Source of classification or shelving scheme | Dewey Decimal Classification |
| Call number suffix | नागेन्द्र |
| Classification part | 615.535 |
| Withdrawn status | Lost status | Not for loan | Collection code | Home library | Current library | Date acquired | Cost, normal purchase price | Full call number | Barcode | Cost, replacement price | Koha item type | Copy number |
|---|---|---|---|---|---|---|---|---|---|---|---|---|
| Non-fiction | R.C.Libraries (zls) | R.C.Libraries (zls) | 13/11/2018 | 70.00 | 615.535 नागेन्द्र | B-177968 | 70.00 | Hindi Books | ||||
| Non-fiction | R.C.Libraries (zls) | R.C.Libraries (zls) | 24/11/2018 | 70.00 | 615.535 नागेन्द्र | B-177969 | 70.00 | Hindi Books | 1. | |||
| Non-fiction | Sarojini Nagar | Sarojini Nagar | 07/06/2012 | 70.00 | 615.535 नागेन्द्र | B-177940 | 70.00 | Hindi Books | ||||
| Non-fiction | Sarojini Nagar | Sarojini Nagar | 08/06/2012 | 70.00 | 615.535 नागेन्द्र | B-177962 | 70.00 | Hindi Books |
